00578nam a2200205Ia 4500003000900000008004100009040001600050080001500066100003000081245003300111260003400144300001600178650001300194650002400207650001700231650001400248942000700262999001300269952009000282IN-BaIIA211028s9999 xx 000 0 eng d cIIA Library a523.9bPRO aProctor, Richard A.91454 4aThe suncRichard A. Proctor  aLondonbLongmans, Greenc1871 axxiv, 480p. aArchives aSolar physics91455 aSolar system aSun91200 cBK c668d668 00104070aBANbKODcGENd0000-00-00l0o523.9/ PROp691r2021-11-05w0000-00-00yBK